আজকের বগুড়া : (Record no. 78287)
[ view plain ]
| 000 -LEADER | |
|---|---|
| fixed length control field | 00952nam a2200229 a 4500 |
| 001 - CONTROL NUMBER | |
| control field | 78287 |
| 003 - CONTROL NUMBER IDENTIFIER | |
| rucl marc code | BD-RjUL |
| 005 - DATE AND TIME OF LATEST TRANSACTION | |
| control field | 20211209083119.0 |
| 008 - FIXED-LENGTH DATA ELEMENTS--GENERAL INFORMATION | |
| fixed length control field | 210902s1968 bg ||||| |||| 00| 0 ben d |
| 020 ## - INTERNATIONAL STANDARD BOOK NUMBER | |
| Terms of availability | : PRs. 5.00 |
| 035 ## - SYSTEM CONTROL NUMBER | |
| System control number | (BD-RjUL)78513 |
| 040 ## - CATALOGING SOURCE | |
| Original cataloging agency | BD-RjUL |
| Language of cataloging | eng |
| Transcribing agency | BD-RjUL |
| 041 ## - LANGUAGE CODE | |
| Language code of text/sound track or separate title | ben |
| 082 ## - DEWEY DECIMAL CLASSIFICATION NUMBER | |
| Edition number | 23 |
| Classification number | 954.924 |
| Author mark and year | KHA 1968 |
| 100 ## - MAIN ENTRY--PERSONAL NAME | |
| Personal name | খান, আমানউল্লাহ |
| 9 (RLIN) | 247359 |
| 245 ## - TITLE STATEMENT | |
| Title | আজকের বগুড়া : |
| Remainder of title | (অতীত ও বর্তমান) / |
| Statement of responsibility, etc. | প্রণয়নে ও সম্পাদনায়: আমানউল্লাহ খান |
| 260 ## - PUBLICATION, DISTRIBUTION, ETC. (IMPRINT) | |
| Place of publication, distribution, etc. | বগুড়া : |
| Name of publisher, distributor, etc. | গ্রন্থমালা প্রকাশনী, |
| Date of publication, distribution, etc. | ১৯৬৮ |
| 300 ## - PHYSICAL DESCRIPTION | |
| Pagination | ২৮৮ পৃ.: |
| Illustrations | চিত্র; |
| Size | ২৪ সেমি. |
| 651 ## - SUBJECT ADDED ENTRY--GEOGRAPHIC NAME | |
| Geographic name | বাংলাদেশ |
| Geographic subdivision | বগুড়া |
| General subdivision | ইতিহাস |
| 9 (RLIN) | 248403 |
| Geographic name | Bangladesh |
| Geographic subdivision | Bogura |
| General subdivision | History |
| 9 (RLIN) | 248404 |
| 942 ## - ADDED ENTRY ELEMENTS (KOHA) | |
| Source of classification or shelving scheme | Dewey Decimal Classification |
| Koha item type | Books |
| Lost status | Source of classification or shelving scheme | Damaged status | Not for loan | Collection code | Permanent Location | Current Location | Shelving location | Date acquired | Cost, normal purchase price | Total Checkouts | Full call number | Date last seen | Copy number | Koha item type | Source of acquisition |
|---|---|---|---|---|---|---|---|---|---|---|---|---|---|---|---|
| Dewey Decimal Classification | Not For Loan | Non-fiction | Central Library, University of Rajshahi | Central Library, University of Rajshahi | Reading Room | 13/10/1969 | 8.00 | B 954.924 KHA 1968 | 02/09/2021 | C-1 | Books | ||||
| Dewey Decimal Classification | Non-fiction | Central Library, University of Rajshahi | Central Library, University of Rajshahi | 13/10/1969 | 5.00 | B 954.924 KHA 1968 | 23/09/2021 | C-2 | Books | The Author | |||||
| Dewey Decimal Classification | Non-fiction | Central Library, University of Rajshahi | Central Library, University of Rajshahi | 13/10/1969 | 5.00 | B 954.924 KHA 1968 | 23/09/2021 | C-3 | Books | The Author | |||||
| Dewey Decimal Classification | Non-fiction | Central Library, University of Rajshahi | Central Library, University of Rajshahi | 13/10/1969 | 5.00 | B 954.924 KHA 1968 | 23/09/2021 | C-4 | Books | The Author | |||||
| Dewey Decimal Classification | Non-fiction | Central Library, University of Rajshahi | Central Library, University of Rajshahi | 13/10/1969 | 5.00 | B 954.924 KHA 1968 | 23/09/2021 | C-5 | Books | The Author |